| 000 | 01508nam0a22003131 4500 | ||
|---|---|---|---|
| 001 | rc\4746378 | ||
| 005 | 20130416214745.1 | ||
| 021 |
_aRU _b[66-59754] |
||
| 035 | _a(NLR Aleph) 008739182 | ||
| 090 |
_a9522617 _c9522617 |
||
| 100 | _a20130416d1966 |||y0rusy50 ca | ||
| 101 | 0 | _arus | |
| 102 | _aRU | ||
| 105 | _aa z ||||| | ||
| 200 | 1 |
_aОпыт наладки и эксплуатации пылесистем с шаровыми барабанными мельницами при размоле кузнецких углей _fМ-во энергетики и электрификации СССР. Всесоюз. гос. трест по организации и рационализации район. электр. станций и сетей "Оргрэс" |
|
| 210 |
_aМосква _aЛенинград _cЭнергия _d1966 |
||
| 215 |
_a63 с., 1 л. номогр. _cчерт. _d20 |
||
| 300 | _aНа обороте тит. л. авт.: инженеры Л.И. Пугач, В.А. Тихомиров, М.М. Друй и др. | ||
| 606 |
_aПылеприготовительные установки _xЭксплуатация _2psbo |
||
| 606 |
_aУголь _xПомол _2psbo |
||
| 701 | 1 |
_aТихомирова _bВ. А. |
|
| 701 | 1 |
_aДруй _bМ. М. |
|
| 701 | 1 |
_aПугач _bЛ. И. |
|
| 712 | 0 | 2 |
_a"Оргрэс", трест _cМосква _3RU\NLR\AUTH\8810166155 |
| 801 | 0 |
_aRU _bNLR _gpsbo |
|
| 801 | 1 |
_aRU _bELAR _2rusmarc |
|
| 852 |
_aNLR _j66-4/13551 |
||
| 942 | _cBOOK | ||
| 980 | _aNB | ||